00486nam a2200181Ia 4500003000900000008004100009020002200050040001600072080001200088100001700100245006300117260003900180300001600219650001800235650001600253650001600269700001900285IN-BaIIA211028s9999 xx 000 0 eng d a978-981-283-389-1 cIIA Library a53bPER aKane, Gordon 0aPerspectives on LHC physicscAaron Pierce and Gordon Kane  aNew JerseybWorld Scientificc2008 axiii, 337p. aCMS detectors aDark matter aLHC physics aPierce, Aaron.